000 00462nam a2200181Ia 4500
001 20241
005 20260306172752.0
008 260306t2015||||xx |||||||||||||| ||spa||
041 _aESP
082 _a343
_bV64
100 _aVigo, Rodolfo Luis
_eAUT
245 0 _aIusnaturalismo y neoconstitucionalismo:
_bcoincidencias y diferencias
260 _c2015
300 _a575 páginas :
_c23 cm.
650 _aGEN
654 _aCDE
942 _cLIB
_dJUS
_fJUS
_2ddc
_n
999 _c20241
_d20241